| 000 | 00423nam a22001577a 4500 | ||
|---|---|---|---|
| 005 | 20250609132423.0 | ||
| 008 | 250609b |||||||| |||| 00| 0 eng d | ||
| 020 | _a9780851109695 | ||
| 050 |
_aBT1102 _bMCG |
||
| 100 | _aMCGRATH ALISTER | ||
| 245 |
_aBRIDGE- BUILDING; _bEFFECTIVE CHRISTIAN APOLOGETICS |
||
| 260 |
_aENGLAND _bINTER-VARSITY PRESS _cc1992 |
||
| 300 | _a281p | ||
| 500 | _aincludes index | ||
| 942 |
_2lcc _cBK _n0 |
||
| 999 |
_c6351 _d6351 |
||